<The> Role of christianity in the development of the European civilization and identity

Guardado en:
Detalles Bibliográficos
Autor principal: Hrivíková, Tatiana, 1959-
Formato: Capítulo de libro
Lenguaje:inglés
Materias:
Etiquetas: Agregar Etiqueta
Sin Etiquetas, Sea el primero en etiquetar este registro!

MARC

LEADER 00000nla a2200000 4500
001 0160649
005 20250815081738.3
041 0 |a eng 
044 |a SK 
245 1 0 |a <The> Role of christianity in the development of the European civilization and identity  |c Tatiana Hrivíková 
610 2 0 |a náboženstvo 
610 2 0 |a kresťanstvo 
610 2 0 |a identita 
610 2 0 |a civilizácia 
610 2 0 |a kultúra 
610 2 0 |a Európa 
100 1 |a Hrivíková, Tatiana, 1959-